Normal view MARC view

Entry Personal Name

Number of records used in: 2

001 - CONTROL NUMBER

  • control field: 18918

003 - CONTROL NUMBER IDENTIFIER

  • control field: OSt

005 - DATE AND TIME OF LATEST TRANSACTION

  • control field: 20250707103506.0

008 - FIXED-LENGTH DATA ELEMENTS

  • fixed length control field: 250707|| aca||aabn | a|a d

040 ## - CATALOGING SOURCE

  • Original cataloging agency: OSt
  • Transcribing agency: OSt

100 ## - HEADING--PERSONAL NAME

  • Personal name: Kelley Elizabeth (ED)

670 ## - SOURCE DATA FOUND

  • Source citation: Work cat.: (OSt)19063: Kelley Elizabeth (ED), REpresenting People with Mental Disabilities: A criminal Defence Lawyer's Best Practices Manual, 2018

Powered by Koha